Obščesistemnoje matematičeskoje obespečenije EVM tret'jego pokolenija dlja obrabotki dannych

Saved in:
Bibliographic Details
Main Author: Zajcev, Nikolaj Georgijevič
Format: Book
Language:Russian
Published: Moskva Statistika 1980
Tags: Add Tag
No Tags, Be the first to tag this record!

MARC

LEADER 00000nam a2200000 4500
001 c139466
005 20041019155316.1
041 0 |a rus 
044 |a RU 
245 1 0 |a Obščesistemnoje matematičeskoje obespečenije EVM tret'jego pokolenija dlja obrabotki dannych  |c Nikolaj Georgijevič Zajcev 
264 1 |a Moskva  |b Statistika  |c 1980 
300 |a 227 s. 
100 1 |a Zajcev, Nikolaj Georgijevič